000 00673nam a2200229Ia 4500
001 dia_6848
003 CHAP
008 220117s1964 xx 000 0 und d
010 _a178141
040 _cCHAP
090 _aF 233 1964
100 _aPadilla Copado, Rafael
_984643
245 _aAlgunas ideas sobre valoración y estimación de costos de maquinaria para la agricultura, la industria y la construcción /
_c Rafael Padilla Copado
260 _aMéxico :
_b El autor,
_c1964
300 _a82 p.
901 _aF 233 1964
902 _aM
905 _a0000001964 MX 0000000000SPA00
942 _c12
942 _c12
999 _c178141
_d178141